[Event "CFriend SL-2005-0-00036 email"]
[Site "Chessfriend.com"]
[Date "2005.09.16"]
[Round "1"]
[White "Konuhov, Kostya"]
[Black "Lau, Jeffery"]
[Result "1-0"]
[WhiteElo "1093"]
[BlackElo "1300"]
[PlyCount "49"]
[EventDate "2005.09.16"]
[EventType "tourn (corr)"]
[EventRounds "6"]
[SourceTitle "Corr 2008"]
[Source "ChessBase"]
[SourceDate "2008.06.24"]
[SourceVersion "1"]
[SourceVersionDate "2008.06.24"]
[SourceQuality "1"]

1. e4 c5 2. Nf3 Nc6 3. d4 cxd4 4. Nxd4 Qa5+ 5. Nc3 Nf6 6. Nb3 Qe5 7. f4 Qh5 8. Be2 Qh4+ 9. g3 Qh3 10. e5 Qg2 11. Bf3 Qh3 12. exf6 gxf6 13. Nb5 Kd8 14. Be3 Rg8 15. Qd2 d6 16. Bxc6 bxc6 17. Qa5+ Kd7 18. Qc7+ Ke8 19. Qxc6+ Qd7 20. Qxa8 e5 21. Nc5 Qd8 22. Qc6+ Bd7 23. Nc7+ Ke7 24. Nd5+ Ke8 25. Nxf6+ 1-0

[Event "CFriend SL-2005-0-00036 email"]
[Site "Chessfriend.com"]
[Date "2005.09.16"]
[Round "1"]
[White "Schalkwijk, Peter H"]
[Black "Lau, Jeffery"]
[Result "1-0"]
[WhiteElo "1451"]
[BlackElo "1300"]
[PlyCount "47"]
[EventDate "2005.09.16"]
[EventType "tourn (corr)"]
[EventRounds "6"]
[SourceTitle "Corr 2008"]
[Source "ChessBase"]
[SourceDate "2008.06.24"]
[SourceVersion "1"]
[SourceVersionDate "2008.06.24"]
[SourceQuality "1"]

1. e4 c5 2. Nf3 Nc6 3. d4 cxd4 4. Nxd4 Nxd4 5. Qxd4 d6 6. Nc3 e5 7. Bb5+ Bd7 8. Qa4 a6 9. Bxd7+ Qxd7 10. Qxd7+ Kxd7 11. f4 Re8 12. 0-0 Nf6 13. Be3 Ng4 14. Ba7 h5 15. Nd5 Be7 16. fxe5 Nxe5 17. Bd4 g5 18. Bxe5 dxe5 19. Rxf7 Rhf8 20. Rh7 h4 21. Rd1 Kc6 22. Nxe7+ Kb6 23. Rd6+ Kc5 24. Rd5+ 1-0